| 000 | 00373nam a2200109Ia 4500 | ||
|---|---|---|---|
| 008 | 171204s9999 xx 000 0 und d | ||
| 245 | _aVideo Art Historicized: Traditions and Negotiations: Studies in Art Historiography | ||
| 245 | _cMalin Hedlin Hayden | ||
| 260 | _c2015 | ||
| 650 | _xVIDEO PRODUCTION AND DIRECTION | ||
| 856 | _uhttp://down.ebook777.com/029/1472449754.pdf | ||
| 999 |
_c346204 _d346204 |
||